[Event "Chess Super League 2021"]
[Site "Online"]
[Date "2021.10.11"]
[Round "1.2"]
[White "Muzychuk, Anna"]
[Black "Kulkarni Bhakti"]
[Result "1-0"]
[WhiteElo "2533"]
[BlackElo "2388"]
[Annotator "ChessBase"]
[PlyCount "123"]
[EventDate "2021.10.11"]
[EventType "team-tourn"]
[EventCountry "NET"]
[SourceTitle "playchess.com"]
[Source "ChessBase"]
[SourceQuality "1"]
[TimeControl "900+10"]

1. e4 {[%emt 0:00:11]} e5 {[%emt 0:00:15]} 2. Nc3 {[%emt 0:00:02]} Nf6 {[%emt 0:00:08]} 3. d4 {[%emt 0:00:04]} exd4 {[%emt 0:00:29]} 4. Qxd4 {[%emt 0:00:00]} Nc6 {[%emt 0:00:03]} 5. Qd3 {[%emt 0:00:06]} d6 {[%emt 0:00:29]} 6. Bf4 {[%emt 0:00:06]} Be7 {[%emt 0:00:30]} 7. f3 {[%emt 0:00:07]} O-O {[%emt 0:00:09]} 8. O-O-O {[%emt 0:00:06]} Nh5 {[%emt 0:00:16]} 9. Be3 {[%emt 0:00:11]} Bg5 {[%emt 0:00:07]} 10. Kb1 {[%emt 0:00:56]} Be6 {[%emt 0:01:13]} 11. Qd2 {[%emt 0:00:12]} Bxe3 {[%emt 0:00:03]} 12. Qxe3 {[%emt 0:00:00]} Re8 {[%emt 0:00:24]} 13. g4 {[%emt 0:00:20]} Nf6 {[%emt 0:00:04]} 14. Nge2 {[%emt 0:00:05]} b5 {[%emt 0:01:06]} 15. Nxb5 {[%emt 0:01:11]} Qb8 {[%emt 0:00:06]} 16. Ned4 {[%emt 0:00:12]} Qb6 {[%emt 0:00:38]} 17. Nf5 {[%emt 0:02:12]} Qa5 {[%emt 0:00:34]} 18. Qa3 {[%emt 0:00:33]} Qb6 {[%emt 0:00:04]} 19. Qc3 {[%emt 0:00:27]} a6 {[%emt 0:00:21]} 20. Nbd4 {[%emt 0:00:10]} Nxd4 {[%emt 0:00:17]} 21. Rxd4 {[%emt 0:00:50]} Bxf5 {[%emt 0:01:43]} 22. gxf5 {[%emt 0:00:04]} d5 {[%emt 0:00:11]} 23. Bg2 {[%emt 0:00:58]} c5 {[%emt 0:00:14]} 24. Rdd1 {[%emt 0:00:08]} dxe4 {[%emt 0:01:33]} 25. fxe4 {[%emt 0:00:12]} Nxe4 {[%emt 0:00:02]} 26. Bxe4 {[%emt 0:04:36]} Rxe4 {[%emt 0:00:03]} 27. Rd5 {[%emt 0:00:15]} Rae8 {[%emt 0:00:20]} 28. Rhd1 {[%emt 0:00:49]} c4 {[%emt 0:01:02]} 29. a4 {[%emt 0:00:23]} Qb8 {[%emt 0:03:56]} 30. Rd6 {[%emt 0:00:31]} Qc8 {[%emt 0:00:14]} 31. Rg1 {[%emt 0:00:21]} R8e5 {[%emt 0:00:20]} 32. Qg3 {[%emt 0:02:44]} Qf8 {[%emt 0:00:05]} 33. Rxa6 {[%emt 0:00:03]} Re8 {[%emt 0:00:59]} 34. Qd6 {[%emt 0:00:19]} Qxd6 {[%emt 0:00:40]} 35. Rxd6 {[%emt 0:00:00]} Ra8 {[%emt 0:00:48]} 36. f6 {[%emt 0:00:17]} g6 {[%emt 0:00:06]} 37. Rgd1 {[%emt 0:00:07]} Ree8 {[%emt 0:00:15]} 38. b3 {[%emt 0:00:02]} g5 {[%emt 0:00:18]} 39. h4 {[%emt 0:00:41]} cxb3 {[%emt 0:00:16]} 40. cxb3 {[%emt 0:00:02]} gxh4 {[%emt 0:00:41]} 41. R6d4 {[%emt 0:00:20]} Ra6 {[%emt 0:00:31]} 42. Rd8 {[%emt 0:00:42]} Kf8 {[%emt 0:00:02]} 43. Rxe8+ {[%emt 0:00:04]} Kxe8 {[%emt 0:00:00]} 44. Rh1 {[%emt 0:00:15]} Rxf6 {[%emt 0:00:03]} 45. Rxh4 {[%emt 0:00:02]} h6 {[%emt 0:00:03]} 46. Kb2 {[%emt 0:00:01]} Kd7 {[%emt 0:00:14]} 47. Ka3 {[%emt 0:00:09]} Kc6 {[%emt 0:00:03]} 48. a5 {[%emt 0:00:05]} Kb5 {[%emt 0:00:03]} 49. Rh5+ {[%emt 0:00:02]} Ka6 {[%emt 0:00:02]} 50. Ka4 {[%emt 0:00:04]} Rg6 {[%emt 0:00:17]} 51. b4 {[%emt 0:00:03]} Kb7 {[%emt 0:00:04]} 52. Rb5+ {[%emt 0:00:14]} Ka6 {[%emt 0:00:12]} 53. Rf5 {[%emt 0:00:04]} f6 {[%emt 0:00:07]} 54. Rd5 {[%emt 0:00:01]} Kb7 {[%emt 0:00:09]} 55. Rd7+ {[%emt 0:00:06]} Kc8 {[%emt 0:00:09]} 56. Rf7 {[%emt 0:00:08]} h5 {[%emt 0:00:03]} 57. a6 {[%emt 0:00:04]} Kb8 {[%emt 0:00:01]} 58. b5 {[%emt 0:00:06]} Rh6 {[%emt 0:00:42]} 59. Rf8+ {[%emt 0:00:04]} Ka7 {[%emt 0:00:02]} 60. Ka5 {[%emt 0:00:04]} f5 {[%emt 0:00:02]} 61. b6+ {[%emt 0:00:05]} Rxb6 {[%emt 0:00:02]} 62. Rf7+ {[%emt 0:00:01]} 1-0

[Event "Chess Super League 2021"]
[Site "Online"]
[Date "2021.10.11"]
[Round "1.2"]
[White "Abdumalik, Zhansaya"]
[Black "Harika, Dronavalli"]
[Result "1-0"]
[WhiteElo "2507"]
[BlackElo "2511"]
[Annotator "ChessBase"]
[PlyCount "57"]
[EventDate "2021.10.11"]
[EventType "team-tourn"]
[EventCountry "NET"]
[SourceTitle "playchess.com"]
[Source "ChessBase"]
[SourceQuality "1"]
[TimeControl "900+10"]

1. e4 {[%emt 0:01:51]} e5 {[%emt 0:00:16]} 2. Nf3 {[%emt 0:00:01]} Nf6 {[%emt 0:00:01]} 3. Nxe5 {[%emt 0:00:03]} d6 {[%emt 0:00:03]} 4. Nf3 {[%emt 0:00:00]} Nxe4 {[%emt 0:00:01]} 5. Nc3 {[%emt 0:00:01]} Nf6 {[%emt 0:00:01]} 6. d4 {[%emt 0:00:14]} Be7 {[%emt 0:00:02]} 7. Bg5 {[%emt 0:00:05]} h6 {[%emt 0:00:06]} 8. Bf4 {[%emt 0:00:09]} O-O {[%emt 0:00:06]} 9. Qd2 {[%emt 0:00:01]} Re8 {[%emt 0:00:01]} 10. O-O-O {[%emt 0:00:02]} Bf8 {[%emt 0:00:01]} 11. h3 {[%emt 0:00:04]} a6 {[%emt 0:00:08]} 12. g4 {[%emt 0:00:04]} b5 {[%emt 0:00:01]} 13. a3 {[%emt 0:00:39]} Bb7 {[%emt 0:00:28]} 14. d5 {[%emt 0:00:22]} Ne4 {[%emt 0:01:22]} 15. Nxe4 {[%emt 0:00:23]} Rxe4 {[%emt 0:00:02]} 16. Bg2 {[%emt 0:00:20]} Nd7 {[%emt 0:01:25]} 17. Nd4 {[%emt 0:00:32]} Re8 {[%emt 0:00:18]} 18. g5 {[%emt 0:00:06]} h5 {[%emt 0:00:32]} 19. g6 {[%emt 0:00:38]} fxg6 {[%emt 0:05:43]} 20. Ne6 {[%emt 0:01:07]} Rxe6 {[%emt 0:00:06]} 21. dxe6 {[%emt 0:00:03]} Bxg2 {[%emt 0:00:01]} 22. Rhg1 {[%emt 0:00:21]} Bf3 {[%emt 0:01:35]} 23. exd7 {[%emt 0:01:08]} Bxd1 {[%emt 0:00:34]} 24. Qd5+ {[%emt 0:00:07]} Kh7 {[%emt 0:00:02]} 25. Bg5 {[%emt 0:00:44]} c6 {[%emt 0:00:29]} 26. Qxc6 {[%emt 0:00:32]} Be2 {[%emt 0:03:06]} 27. Bxd8 {[%emt 0:00:13]} Rxd8 {[%emt 0:00:01]} 28. Re1 {[%emt 0:00:13]} Bc4 {[%emt 0:00:08]} 29. Re8 {[%emt 0:00:04]} 1-0

[Event "Chess Super League 2021"]
[Site "Online"]
[Date "2021.10.11"]
[Round "1.2"]
[White "Raja Harshit"]
[Black "Arjun Kalyan"]
[Result "0-1"]
[WhiteElo "2494"]
[BlackElo "2537"]
[Annotator "ChessBase"]
[PlyCount "90"]
[EventDate "2021.10.11"]
[EventType "team-tourn"]
[EventCountry "NET"]
[SourceTitle "playchess.com"]
[Source "ChessBase"]
[SourceQuality "1"]
[TimeControl "900+10"]

1. d4 {[%emt 0:00:12]} Nf6 {[%emt 0:00:13]} 2. c4 {[%emt 0:00:03]} e6 {[%emt 0:00:01]} 3. Nf3 {[%emt 0:00:04]} d5 {[%emt 0:00:02]} 4. g3 {[%emt 0:00:02]} Bb4+ {[%emt 0:00:04]} 5. Bd2 {[%emt 0:00:02]} Bd6 {[%emt 0:00:03]} 6. Bg2 {[%emt 0:00:05]} O-O {[%emt 0:00:02]} 7. O-O {[%emt 0:00:01]} c6 {[%emt 0:00:05]} 8. Bc3 {[%emt 0:00:12]} Ne4 {[%emt 0:00:05]} 9. Nbd2 {[%emt 0:00:24]} Nxc3 {[%emt 0:00:04]} 10. bxc3 {[%emt 0:00:03]} b6 {[%emt 0:00:08]} 11. a4 {[%emt 0:00:43]} Nd7 {[%emt 0:00:26]} 12. e4 {[%emt 0:01:42]} Qc7 {[%emt 0:00:53]} 13. Qc2 {[%emt 0:01:41]} Bb7 {[%emt 0:00:40]} 14. a5 {[%emt 0:00:36]} Rab8 {[%emt 0:00:18]} 15. a6 {[%emt 0:01:33]} Ba8 {[%emt 0:00:33]} 16. Rfe1 {[%emt 0:00:24]} Rfc8 {[%emt 0:00:56]} 17. Bh3 {[%emt 0:02:04]} Re8 {[%emt 0:01:28]} 18. Rad1 {[%emt 0:02:42]} h6 {[%emt 0:00:54]} 19. Re3 {[%emt 0:00:23]} Bf8 {[%emt 0:00:55]} 20. Rde1 {[%emt 0:01:14]} Nf6 {[%emt 0:00:18]} 21. cxd5 {[%emt 0:01:57]} cxd5 {[%emt 0:00:10]} 22. e5 {[%emt 0:00:00]} Nh7 {[%emt 0:02:24]} 23. Nh4 {[%emt 0:00:18]} b5 {[%emt 0:00:35]} 24. f4 {[%emt 0:00:45]} b4 {[%emt 0:00:12]} 25. Bf1 {[%emt 0:00:33]} Be7 {[%emt 0:01:23]} 26. Rc1 {[%emt 0:00:30]} Rec8 {[%emt 0:00:09]} 27. Nhf3 {[%emt 0:00:48]} Nf8 {[%emt 0:00:43]} 28. f5 {[%emt 0:00:22]} exf5 {[%emt 0:00:11]} 29. Qxf5 {[%emt 0:00:05]} b3 {[%emt 0:01:22]} 30. Rb1 {[%emt 0:00:11]} b2 {[%emt 0:00:07]} 31. e6 {[%emt 0:00:09]} fxe6 {[%emt 0:01:21]} 32. Qg4 {[%emt 0:00:02]} Bf6 {[%emt 0:00:11]} 33. Bd3 {[%emt 0:00:12]} Bc6 {[%emt 0:00:40]} 34. Ne5 {[%emt 0:00:25]} Be8 {[%emt 0:00:08]} 35. Ndf3 {[%emt 0:00:07]} Qd6 {[%emt 0:00:32]} 36. Bc2 {[%emt 0:00:12]} Rb6 {[%emt 0:00:21]} 37. Rf1 {[%emt 0:00:13]} Rxa6 {[%emt 0:00:27]} 38. Bb1 {[%emt 0:00:02]} Ra1 {[%emt 0:00:11]} 39. Nd2 {[%emt 0:00:02]} Bxe5 {[%emt 0:00:28]} 40. dxe5 {[%emt 0:00:18]} Qc5 {[%emt 0:00:28]} 41. Qf3 {[%emt 0:00:15]} Bg6 {[%emt 0:00:18]} 42. Nb3 {[%emt 0:00:08]} Rxb1 {[%emt 0:00:31]} 43. Rxb1 {[%emt 0:00:16]} Bxb1 {[%emt 0:00:23]} 44. Nxc5 {[%emt 0:00:04]} Be4 {[%emt 0:00:02]} 45. Nxe4 {[%emt 0:00:22]} b1=Q+ {[%emt 0:00:03]} 0-1

[Event "Chess Super League 2021"]
[Site "Online"]
[Date "2021.10.11"]
[Round "1.2"]
[White "Savitha Shri B"]
[Black "Salonika, Saina"]
[Result "0-1"]
[WhiteElo "2281"]
[BlackElo "2206"]
[Annotator "ChessBase"]
[PlyCount "136"]
[EventDate "2021.10.11"]
[EventType "team-tourn"]
[EventCountry "NET"]
[SourceTitle "playchess.com"]
[Source "ChessBase"]
[SourceQuality "1"]
[TimeControl "900+10"]

1. e4 {[%emt 0:00:16]} c5 {[%emt 0:00:13]} 2. Nf3 {[%emt 0:00:02]} d6 {[%emt 0:00:01]} 3. d4 {[%emt 0:00:20]} cxd4 {[%emt 0:00:02]} 4. Qxd4 {[%emt 0:00:01]} Bd7 {[%emt 0:00:32]} 5. Be2 {[%emt 0:00:08]} Nc6 {[%emt 0:00:05]} 6. Qe3 {[%emt 0:00:01]} Nf6 {[%emt 0:01:11]} 7. h3 {[%emt 0:00:10]} g6 {[%emt 0:00:07]} 8. O-O {[%emt 0:00:04]} Bg7 {[%emt 0:00:02]} 9. c4 {[%emt 0:00:07]} O-O {[%emt 0:00:07]} 10. Nc3 {[%emt 0:00:02]} Qa5 {[%emt 0:01:31]} 11. Rb1 {[%emt 0:00:55]} Qc5 {[%emt 0:00:18]} 12. Qd2 {[%emt 0:02:20]} Be6 {[%emt 0:01:42]} 13. b3 {[%emt 0:00:39]} h6 {[%emt 0:00:37]} 14. Bb2 {[%emt 0:00:36]} a6 {[%emt 0:00:51]} 15. Bd3 {[%emt 0:03:43]} Kh7 {[%emt 0:04:06]} 16. Rfd1 {[%emt 0:00:18]} Rfb8 {[%emt 0:00:25]} 17. Nd5 {[%emt 0:01:25]} Bxd5 {[%emt 0:00:08]} 18. exd5 {[%emt 0:00:05]} Na7 {[%emt 0:00:21]} 19. Re1 {[%emt 0:00:40]} Qc7 {[%emt 0:00:13]} 20. Rbc1 {[%emt 0:00:46]} Qd7 {[%emt 0:00:16]} 21. Qe3 {[%emt 0:00:31]} Nxd5 {[%emt 0:00:31]} 22. cxd5 {[%emt 0:01:00]} Bxb2 {[%emt 0:00:02]} 23. Rc4 {[%emt 0:00:03]} Bf6 {[%emt 0:00:09]} 24. h4 {[%emt 0:00:04]} b5 {[%emt 0:00:48]} 25. Re4 {[%emt 0:00:32]} h5 {[%emt 0:00:29]} 26. Ng5+ {[%emt 0:00:54]} Kg7 {[%emt 0:00:03]} 27. Qg3 {[%emt 0:00:09]} Rg8 {[%emt 0:01:09]} 28. R4e2 {[%emt 0:00:26]} Nc8 {[%emt 0:00:45]} 29. Ne4 {[%emt 0:01:00]} Qg4 {[%emt 0:00:36]} 30. Nxf6 {[%emt 0:00:08]} exf6 {[%emt 0:00:14]} 31. Qe3 {[%emt 0:00:23]} Qxh4 {[%emt 0:00:15]} 32. Rc2 {[%emt 0:00:24]} Qg5 {[%emt 0:00:22]} 33. Qd4 {[%emt 0:00:04]} Qg4 {[%emt 0:00:05]} 34. Re4 {[%emt 0:00:27]} Qd7 {[%emt 0:00:22]} 35. Rf4 {[%emt 0:00:07]} Qd8 {[%emt 0:00:01]} 36. Re2 {[%emt 0:00:13]} Nb6 {[%emt 0:00:54]} 37. Rfe4 {[%emt 0:01:17]} Nd7 {[%emt 0:00:09]} 38. Bc2 {[%emt 0:00:13]} Qb6 {[%emt 0:00:18]} 39. Qb2 {[%emt 0:00:01]} Rgc8 {[%emt 0:00:35]} 40. Kh1 {[%emt 0:00:15]} Rc7 {[%emt 0:00:03]} 41. f4 {[%emt 0:00:04]} Rac8 {[%emt 0:00:06]} 42. Re7 {[%emt 0:00:33]} Nf8 {[%emt 0:00:24]} 43. R7e4 {[%emt 0:00:17]} Qc5 {[%emt 0:00:04]} 44. Rd4 {[%emt 0:00:19]} Qc3 {[%emt 0:00:08]} 45. Qxc3 {[%emt 0:00:01]} Rxc3 {[%emt 0:00:02]} 46. Be4 {[%emt 0:00:02]} Re8 {[%emt 0:00:11]} 47. Rdd2 {[%emt 0:00:21]} Nd7 {[%emt 0:00:12]} 48. Bf3 {[%emt 0:00:01]} Rxe2 {[%emt 0:00:07]} 49. Rxe2 {[%emt 0:00:00]} Rd3 {[%emt 0:00:39]} 50. Re7 {[%emt 0:00:16]} Nb6 {[%emt 0:00:02]} 51. Ra7 {[%emt 0:00:11]} Nxd5 {[%emt 0:00:02]} 52. Rxa6 {[%emt 0:00:02]} Nxf4 {[%emt 0:00:08]} 53. Rb6 {[%emt 0:00:06]} Rd2 {[%emt 0:00:12]} 54. a4 {[%emt 0:00:30]} bxa4 {[%emt 0:00:06]} 55. bxa4 {[%emt 0:00:00]} Ra2 {[%emt 0:00:02]} 56. Ra6 {[%emt 0:00:20]} h4 {[%emt 0:00:39]} 57. a5 {[%emt 0:00:21]} d5 {[%emt 0:00:24]} 58. Ra8 {[%emt 0:00:02]} d4 {[%emt 0:00:05]} 59. a6 {[%emt 0:00:04]} d3 {[%emt 0:00:04]} 60. a7 {[%emt 0:00:16]} d2 {[%emt 0:00:04]} 61. Kh2 {[%emt 0:00:15]} Ne6 {[%emt 0:00:09]} 62. Kg1 {[%emt 0:00:20]} Nd4 {[%emt 0:00:08]} 63. Bg4 {[%emt 0:00:03]} f5 {[%emt 0:00:02]} 64. Bd1 {[%emt 0:00:03]} Nb5 {[%emt 0:00:18]} 65. Bb3 {[%emt 0:00:17]} Rxa7 {[%emt 0:00:20]} 66. Rd8 {[%emt 0:00:01]} Ra3 {[%emt 0:00:13]} 67. Bc2 {[%emt 0:00:22]} Ra2 {[%emt 0:00:06]} 68. Bb3 {[%emt 0:00:02]} Rb2 {[%emt 0:00:04]} 0-1

[Event "Chess Super League 2021"]
[Site "Online"]
[Date "2021.10.11"]
[Round "1.3"]
[White "Giri, Anish"]
[Black "Wang, Hao"]
[Result "1/2-1/2"]
[WhiteElo "2774"]
[BlackElo "2744"]
[Annotator "TA"]
[PlyCount "107"]
[EventDate "2021.10.11"]
[EventType "team-tourn"]
[EventCountry "NET"]
[SourceTitle "playchess.com"]
[Source "ChessBase"]
[SourceQuality "1"]

{[%evp 19,106,-8,0,0,28,29,35,16,10,15,23,26,58,0,0,0,0,0,0,0,0,-4,-9,-14,0,0,10,2,8,12,14,0,7,0,7,0,26,0,0,0,17,17,17,17,36,0,0,0,2,0,0,0,0,0,0,0,10,0,10,0,0,0,0,0,0,0,0,0,0,0,0,0,0,0,0,0,0,0,0,0,0,0,0,0,0,0,0,0,0]} 1. e4 c5 2. Nf3 d6 3. d4 cxd4 4. Nxd4 Nf6 5. Nc3 a6 6. Bg5 e6 7. f4 Qb6 8. Qd2 Qxb2 9. Rb1 Qa3 10. f5 Nc6 11. fxe6 {B97: Sicilian Najdorf: Poisoned Pawn.} Bxe6 12. Rxb7 Nxd4 13. Qxd4 {White is slightly better.} Be7 $1 14. Bc4 {[#] Strongly threatening 0-0.} h6 15. Bd2 Rc8 {[#]} 16. Nd5 $146 (16. Bd5 $14) ({Predecessor:} 16. Bxe6 fxe6 17. Ke2 Rf8 18. Rf1 Rf7 19. Rf3 Qc5 20. Qxc5 Rxc5 21. Rb6 a5 22. Nb5 {½-½ (56) Tonisson,P (2382)-Ponomarjov,R (2314) ICCF email 2015}) 16... Bd8 $1 $11 17. O-O {[%cal Rd5f6]} O-O $1 18. Bb3 Qc5 19. Qxc5 dxc5 20. Nxf6+ Bxf6 21. Bd5 c4 22. Rd1 Rb8 {Threatens to win with ...Rxb7.} 23. Bf4 Rxb7 24. Bxb7 a5 25. a4 Bc3 26. h3 f5 27. Bd5 Re8 28. Bd2 Bxd2 29. Rxd2 Kf7 30. exf5 Bxd5 31. Rxd5 {[%mdl 4096] Endgame Kf2 is the strong threat. KR-KR} Re2 32. Rxa5 Rxc2 {The position is equal.} 33. Rc5 c3 34. Kh2 Kf6 35. a5 Ra2 36. Rxc3 {And now Rc5 would win.} Rxa5 37. g4 Ra6 38. Kg3 h5 39. gxh5 Kxf5 40. h4 Kf6 41. Rf3+ (41. h6 $5) 41... Ke7 42. Kg4 Ra5 43. Rf4 (43. h6 $5 gxh6 44. Rc3 $11) 43... Rb5 44. Rf3 Ra5 45. Rf5 Rxf5 46. Kxf5 {KPP-KP} Kf7 47. Kg5 (47. Ke5 {looks sharper.} Kf8 48. Kd5 Kg8 49. Ke6 Kh7 50. Kf5) 47... Kg8 48. h6 (48. Kg6 {feels hotter.} Kf8 49. Kh7 Kf7 50. Kh8 Kf8 51. Kh7) 48... gxh6+ 49. Kxh6 {KP-K} Kh8 50. Kg6 Kg8 51. h5 $1 Kh8 52. h6 Kg8 53. h7+ Kh8 54. Kh6 {Weighted Error Value: White=0.05/Black=0.04} 1/2-1/2

[Event "Chess Super League 2021"]
[Site "Online"]
[Date "2021.10.11"]
[Round "1.3"]
[White "Vidit, Santosh Gujrathi"]
[Black "Sethuraman, S.P."]
[Result "1-0"]
[WhiteElo "2727"]
[BlackElo "2620"]
[Annotator "TA"]
[PlyCount "105"]
[EventDate "2021.10.11"]
[EventType "team-tourn"]
[EventCountry "NET"]
[SourceTitle "playchess.com"]
[Source "ChessBase"]
[SourceQuality "1"]

{[%evp 13,105,12,13,0,0,0,6,0,0,2,0,4,8,0,0,0,8,9,10,8,16,13,18,16,28,25,52,54,69,25,79,70,71,34,42,30,75,74,77,77,77,61,77,76,77,76,79,70,70,70,70,70,75,68,75,89,124,99,246,190,260,249,214,0,184,141,1068,975,866,357,489,441,476,423,416,324,948,926,859,847,29966,29967,29979,29980,29980,29981,29981,29982,29986,29987,29987,29988,29988,29989]} 1. d4 d5 2. c4 e6 3. Nf3 Nf6 4. Nc3 Be7 5. Bf4 O-O 6. e3 Nbd7 7. c5 Nh5 8. Be2 {D37: Queen's Gambit Declined: 5 Bf4.} b6 9. b4 a5 10. a3 {The position is equal.} Nxf4 11. exf4 c6 12. O-O Ba6 13. Qc2 Bxe2 14. Nxe2 {[#]} Bf6 $146 ({Predecessor:} 14... Ra7 15. Rab1 axb4 16. axb4 Qa8 17. Nc1 Rb8 18. Nd3 Ra2 19. Qd1 bxc5 20. bxc5 Rxb1 21. Qxb1 {½-½ (47) Nakamura,H (2736)-Radjabov,T (2765) Chess.com INT 2020}) 15. g3 Qc7 16. h4 Qb7 17. Kg2 g6 18. h5 axb4 19. axb4 Rxa1 20. Rxa1 Ra8 21. Ra4 b5 (21... bxc5 $11 22. Rxa8+ Qxa8 23. hxg6 hxg6 24. bxc5 Qa6) 22. Rxa8+ $16 Qxa8 23. hxg6 hxg6 24. Qb2 Bd8 25. Ne5 Nf8 26. Nc1 f6 27. Ned3 Qa4 28. Nb3 Kf7 29. Qb1 Nd7 30. Nd2 Qa3 31. Qc2 Bc7 32. Nf3 Qa8 33. g4 Qb8 34. Qc1 Qa8 35. g5 f5 (35... Qh8 $16 {was worth a try.}) 36. Qh1 $18 Qg8 (36... Qf8 $142 37. Qh6 Qg7 38. Nde5+ Bxe5 39. dxe5 Qg8) 37. Qa1 Qc8 38. Qh1 {[#] Black must now prevent Qh7+.} Qg8 39. Nde5+ Nxe5 $4 {[%mdl 8192]} (39... Bxe5 $16 40. dxe5 Qf8) 40. dxe5 Ke7 41. Qh6 (41. Nd4 $142 Kd7 42. Qa1) 41... Bd8 42. Kf1 Bc7 43. Ke2 Bd8 44. Kd3 Bc7 $2 (44... Ke8 45. Kd2 Be7) 45. Nd4 Kd7 46. Qh1 Bb8 47. Qa1 {White mates.} Qc8 48. Qa8 Qc7 {[#]} 49. Nxc6 $1 {[%mdl 576] Deflection} Qxc6 50. Qxb8 Qa6 51. Qd6+ Qxd6 52. exd6 Kc6 53. Kd4 {Weighted Error Value: White=0.21/Black=0.30} 1-0

[Event "Chess Super League 2021"]
[Site "Online"]
[Date "2021.10.11"]
[Round "1.3"]
[White "Gukesh D"]
[Black "Sadhwani, Raunak"]
[Result "1/2-1/2"]
[WhiteElo "2640"]
[BlackElo "2609"]
[Annotator "TA"]
[PlyCount "179"]
[EventDate "2021.10.11"]
[EventType "team-tourn"]
[EventCountry "NET"]
[SourceTitle "playchess.com"]
[Source "ChessBase"]
[SourceQuality "1"]

{[%evp 14,179,28,15,18,8,7,7,31,31,26,15,33,12,16,13,10,0,25,26,28,31,29,35,33,32,26,13,22,16,35,25,37,26,26,20,23,6,20,15,41,0,37,38,57,8,26,26,54,32,30,12,33,0,6,0,0,0,0,0,5,4,16,0,8,8,8,0,0,0,27,0,0,0,0,-11,0,0,0,0,0,0,0,0,20,0,0,0,0,0,0,0,28,7,58,44,39,0,0,0,0,0,13,0,55,54,50,53,56,54,59,59,60,58,55,0,60,56,58,17,17,17,14,19,16,15,76,76,75,74,81,66,71,39,29,29,67,67,71,68,71,67,67,41,77,67,75,70,71,10,60,60,60,60,72,60,61,43,56,8,24,0,0,0,0,0,0,0]} 1. d4 {Stohl,I} Nf6 2. c4 e6 3. Nf3 d5 4. Nc3 Bb4 5. Bg5 h6 6. Bxf6 Qxf6 7. Qa4+ Nc6 8. e3 O-O {D38: Queen's Gambit Declined: Ragozin Defence (4 Nf3 Bb4).} 9. Be2 dxc4 10. O-O Bd7 11. Bxc4 Bxc3 12. bxc3 Rfd8 {Threatening ...Nxd4.} 13. Be2 Be8 {Hoping for ...Nxd4.} 14. Qa3 Qe7 15. Qb2 Na5 16. Qb4 Qxb4 17. cxb4 Nc6 {[#]} 18. a3 $146 ({Predecessor:} 18. Rab1 a5 19. bxa5 Nxa5 20. Rfc1 Rdc8 21. Ne1 Ra7 22. Nd3 Nc6 23. Bf3 Nd8 24. Nb4 {1-0 (58) Topalov,V (2798)-Aronian,L (2780) Stavanger 2015 CBM 167 [Stohl,I]}) 18... Ne7 19. Rfc1 c6 20. Rab1 Nd5 21. Ne5 Kf8 22. Rb2 Ke7 23. Nd3 g5 24. Kf1 f6 25. a4 b6 26. Bf3 h5 27. h3 h4 (27... Bg6 $5 {[%cal Rg6d3]} 28. Ke2 Kd6 $11) 28. Ke2 Rac8 29. Be4 Bh5+ 30. Kd2 Kd6 31. a5 Be8 32. Rb3 Rc7 33. Nb2 Rb8 34. Nc4+ Ke7 35. axb6 axb6 36. Ra1 Bd7 37. Bf3 Be8 38. Rb2 Bg6 39. Ra6 Rcb7 40. Ra3 Rd8 41. Ra6 Rdb8 42. Be2 Be4 43. f3 Bg6 44. Bf1 Rd8 45. Ke1 Rdb8 46. Kf2 Rd8 47. Ra1 Rdb8 48. e4 Nf4 49. Ra6 Rd8 50. Ke3 Rdb8 51. b5 cxb5 52. Rxb5 {[%cal Ra6b6]} Rc7 53. Nxb6 Rd8 (53... Be8 $11 54. Rc5 Rcb7) 54. Rc5 Rb7 55. Nc8+ Kf8 56. Rb6 Rbd7 57. Rb4 Bf7 58. Nb6 Rb7 {[#]} (58... Ra7 $11) 59. Nd5 $1 $14 Rxb4 60. Nxb4 Ra8 61. Nd3 Ra3 62. Kd2 Nh5 63. Nc1 Nf4 64. Nd3 Nh5 $1 65. Rc8+ Kg7 66. Be2 Ra4 67. Ke3 Ra3 68. Rc2 Nf4 69. Bf1 Be8 (69... Nh5 $11 {remains equal.}) 70. Kd2 $16 Nh5 71. Nc5 Nf4 72. Bc4 Bf7 $1 73. Ra2 (73. Rb2 {with more complications.} Ra1 74. Kc3 Rc1+ 75. Rc2 Rxc2+ 76. Kxc2 f5 77. Bf1) 73... Rxa2+ 74. Bxa2 $14 {[%mdl 4096] Endgame KBN-KBN} Kf8 75. Bc4 Ke7 {[#]} 76. Bf1 $1 Be8 77. Ke3 Bc6 78. Nd3 Nh5 79. Nb4 Bd7 80. Kd2 Nf4 81. Nd3 (81. Nc2 $16) 81... Nh5 82. Be2 Bb5 83. Nc1 Bc6 84. Ke3 Nf4 85. Kf2 f5 86. exf5 exf5 87. Nd3 Ne6 {The position is equal.} 88. Nb4 Kd6 89. Nxc6 Kxc6 90. Ke3 {Weighted Error Value: White=0.08/Black=0.10} 1/2-1/2